Identifikácia a kvantifikácia pôdneho sucha

Ak chod zásob vody v zóne aerácie pôdy dosiahne hodnotu zodpovedajúcu hydrolimitu bodu vädnutia, štartuje v pôde stav sucha. V článku sa uvádza metodický postup pre prognózovanie tvorby pôdneho sucha v zjednodušených bilančných podmienkach.

Na minha lista:
Detalhes bibliográficos
Autor principal: Šútor, Július
Formato: Capítulo de Livro
Idioma:eslovaco
Assuntos:
Tags: Adicionar Tag
Sem tags, seja o primeiro a adicionar uma tag!

MARC

LEADER 00000naa$a2200000$$$4500
001 0078364
005 20221128083905.1
041 0 |a slo 
044 |a SK 
245 1 0 |a Identifikácia a kvantifikácia pôdneho sucha  |c Július Šútor 
520 |a Ak chod zásob vody v zóne aerácie pôdy dosiahne hodnotu zodpovedajúcu hydrolimitu bodu vädnutia, štartuje v pôde stav sucha. V článku sa uvádza metodický postup pre prognózovanie tvorby pôdneho sucha v zjednodušených bilančných podmienkach. 
610 2 0 |a pôda 
610 2 0 |a sucho 
610 2 0 |a prognózovanie 
610 2 0 |a metodika 
100 1 |a Šútor, Július